Adaptation a la Coulée en Conquille par Gravité d un Laiton a Bas Point de Fusion. France /

Gespeichert in:
Bibliographische Detailangaben
1. Verfasser: Richard, M (Verfasst von)
Format: Buch
Sprache:Französisch
Veröffentlicht: New Delhi : India, 1987
Tags: Tag hinzufügen
Keine Tags, Fügen Sie das erste Tag hinzu!

MARC

LEADER 00000nam a22000003a 4500
001 stu41357
005 20150617225719.0
008 931122s1987----ii------------------fre-d
040 |a STU  |b slo 
041 0 |a fre 
044 |a ii 
100 1 |a Richard, M  |4 aut 
245 1 |a Adaptation a la Coulée en Conquille par Gravité d un Laiton a Bas Point de Fusion. France /  |c [aut.]M. Richard 
260 |a New Delhi :  |b India,  |c 1987 
300 |a Nestr 
996 |b MB 41  |c M*B-41  |l MMKN  |s A  |a 24  |w stu41357_0001